Analysis of rubber vulcanisate by chemical and instrumental methods: A comparative evaluation (Record no. 74268)

MARC details
000 -LEADER
fixed length control field 00421nam a2200133Ia 4500
100 ## - MAIN ENTRY--AUTHOR NAME
Personal name Sumy M. John
245 #0 - TITLE STATEMENT
Title Analysis of rubber vulcanisate by chemical and instrumental methods: A comparative evaluation
260 ## - PUBLICATION, DISTRIBUTION, ETC. (IMPRINT)
Name of publisher Mahatma Gandhi University
Place of publication Kottayam
Year of publication 1996
500 ## - GENERAL NOTE
General note Available in RT
500 ## - GENERAL NOTE
General note Course: M.Sc.
700 ## - ADDED ENTRY--PERSONAL NAME
Personal name Dr Baby Kuriakose
942 ## - ADDED ENTRY ELEMENTS (KOHA)
Koha item type Theses
Holdings
Withdrawn status Lost status Damaged status Not for loan Collection code Home library Current library Shelving location Date acquired Koha item type
      Theses Dissertation RRII Library RRII Library Rubber technology 31/12/2021 Theses